|
|
|
|
| LEADER |
00000cam a2200000 7i4500 |
| 001 |
0000002036 |
| 002 |
000002223 |
| 005 |
20000330.0 |
| 020 |
|
|
|a 0670832677
|
| 090 |
0 |
0 |
|a F
|b RIC
|
| 100 |
1 |
|
|a Rice, Luanne
|
| 245 |
1 |
0 |
|a Stone heart
|c Luanne Rice
|
| 260 |
|
|
|a New York :
|b Viking Penguin Inc ,
|c 1990
|
| 300 |
|
|
|a 322 p. :
|b ill. ;
|c 24 cm.
|
| 650 |
0 |
0 |
|a Romance fiction
|
| 999 |
|
|
|a 035350
|b BUKU
|c PINJAMAN
|e PERPUSTAKAAN KOMUNITI PETALING JAYA
|
| 999 |
|
|
|a 035351
|b BUKU
|c PINJAMAN
|e PERPUSTAKAAN KOMUNITI PETALING JAYA
|
| 999 |
|
|
|a 035352
|b BUKU
|c PINJAMAN
|e PERPUSTAKAAN KOMUNITI PETALING JAYA
|